00881nam a22002531 450000100060000000300080000600500170001400800390003103500190007003500190008904000440010804100080015208200220016010000200018224500290020225000110023126000580024230000480030050000810034850000910042950400400052065100270056065100400058722144BD-RjUL20211209000755.0140306s1957 enkab b 001 0 eng a(BD-RjUL)22209 a(OCoLC)1879430 aDLCcOClUdOCoLCdUkdDLCdBD-RjULbeng aeng a989.506bPEU 19571 aPendle, George.10aUruguay /cGeorge Pendle a2d ed. aLondon ;aNew York :bOxford University Press,c1957. avi, 107 p. :bill., maps, tables. ;c21 cm. a"Issued under the auspices of the Royal Institute of International Affairs." aFirst ed. published in 1952 under title: Uruguay, South America's first welfare state. aBibliography: p. 99-105. and index. 0aUruguayxCivilization. 0aUruguayxEconomic conditionsy1918-